Continentes del mundo - ¡Muerte súbita! - Estadísticas

Estadísticas generales
  • Esta prueba ha sido intentada 323 veces
  • La puntuación promedio es 6 de 6
Answers on the Grid
Answers color-coded by a green-red scale on the quiz's grid according to % correct below.
Rusia
África
Australia
Caribe
Asia
Estados Unidos
América
Canadá
Europa
Medio Oriente
Japón
Oceanía
Grecia
Antártida
Rusia Oriental
 
Estadísticas de respuestas
Respuesta % Correcto
África
98%
Asia
95%
Europa
94%
América
93%
Oceanía
91%
Antártida
90%
No se encontraron pruebas coincidentes
Distribución de puntuación
Porcentaje de gente con cada puntuación
Porcentaje por número respondido
Historial de tus puntuaciones
No has intentado esta prueba.